Statistics for 10 Largest Lakes in Africa

Click here to take the quiz!

General Stats

  • This quiz has been taken 33 times
  • The average score is 5 of 10

Answer Stats

World Rank Area Country(s) Answer % Correct
3.26,590Uganda, Kenya, TanzaniaVictoria
96%
9.11,400Malawi, Mozambique, TanzaniaMalawi
75%
6.12,600DRC, Tanzania, Burundi, ZambiaTanganyika
67%
28.2,046DRC, UgandaAlbert
63%
50.1,000Rwanda, DRCKivu
50%
45.1,200EthiopiaTana
46%
57.898DRC, UgandaEdward
46%
22.2,463Ethiopia, KenyaTurkana
42%
29.1,980Zambia, DRCMweru
33%
46.1,200ZambiaBangweulu
21%

Score Distribution

Percentile by Number Answered

Percent of People with Each Score

Your Score History

You have not taken this quiz